000 00835cam a2200277 4500
001 u168796
003 MX-MeUAM
005 20260429131639.0
008 961126b1989 r spa
020 _a842541122X
020 _a9788425411229
040 _cMX-MeUAM
_bspa
050 4 _aRC480.5
_bW38 1989
100 1 _aWatzlawick, Paul.
245 1 3 _aEl lenguaje del cambio :
_bnueva tecnica de la comunicacion terapeutica /
_cPaul Watzlawick.
250 _a4a.
260 _aBarcelona :
_bHerder,
_c1989.
300 _a170 p. ;
_c 22 cm.
490 0 _aBiblioteca de Psicologia ;
_v69.
504 _aIncluye bibliografia.
504 _aIncluye referencias bibliográficas.
650 7 _aPsicoterapia.
_2lemb
650 7 _aPsicolinguĂ­stica.
_2lemb
650 7 _aIzquierda y derecha (Psicologia).
_2lemb
942 _cLIBRO
999 _c32492
_d32492